000 00672na a2200241 4500
001 20418
003 MIRAKIL
005 20181213155129.0
008 170119b tu 000 0
040 _aMilas
_btur
_cTR-AnCHP
041 _atur
082 _a307.72
_bT97y 1975
090 _a307.72 T97y 1975
100 _aTütengil, Cavit Orhan
245 _a100 soruda kırsal Türkiye'nin yapısı ve sorunları
260 _aİstanbul
_bGerçek Yayınevi
_c1975
300 _a192 s.
_c19 sm.
500 _aYasin Erol Sönmez bağışıdır.
504 _aKaynakça var.
650 _aKöy sosyolojisi
650 _aKır sosyolojisi
_xTürkiye
942 _2dcc
_cBKS
999 _c7152
_d7152